000 00336nam a22001457a 4500
008 221006b ||||| |||| 00| 0 eng d
020 _a9780323327404
041 _aeng
080 _2ninth edition
_a610.73
082 _a610.73 POTT
100 _a5
101 _aINF
245 _aFUNDAMENTALS OF NURSING
_cPOTTER P
942 _2udc
_cBK
999 _c58376
_d58376